[Event "Recco op-B 4th"]
[Site "Recco"]
[Date "2010.11.26"]
[Round "1"]
[White "Bario, Emilio"]
[Black "Ruo, Andrea"]
[Result "1-0"]
[WhiteElo "1694"]
[BlackElo "1347"]
[PlyCount "85"]
[EventDate "2010.11.26"]
[EventType "swiss"]
[EventRounds "5"]
[EventCountry "ITA"]
[SourceTitle "EXT 2023"]
[Source "ChessBase"]
[SourceDate "2022.10.05"]
[SourceVersion "1"]
[SourceVersionDate "2022.10.05"]
[SourceQuality "1"]

1. d4 e6 2. c4 d5 3. e3 Nf6 4. Nc3 c5 5. Nf3 Nc6 6. Be2 Bd7 7. 0-0 Qb6 8. a3 a5 9. dxc5 Bxc5 10. Na4 Qa7 11. Nxc5 Qxc5 12. b3 0-0 13. Bb2 Rab8 14. Rc1 dxc4 15. Bxc4 Qb6 16. Ne5 Nxe5 17. Bxe5 Rbd8 18. Bxf6 gxf6 19. Qg4+ Kh8 20. Rfd1 Qc6 21. Qd4 Qc5 22. Qd6 Qxd6 23. Rxd6 f5 24. Rcd1 b5 25. Bxb5 Bxb5 26. Rxd8 Rxd8 27. Rxd8+ Kg7 28. Rd5 Bc6 29. Rxa5 Kg6 30. Ra6 f6 31. Rxc6 h5 32. f4 e5 33. b4 h4 34. h3 Kf7 35. b5 Ke7 36. a4 Kd7 37. a5 Kd8 38. a6 Ke8 39. a7 Kf7 40. a8Q Kg6 41. Rc7 Kh5 42. Qh8+ Kg6 43. Rg7# 1-0